000 00660nam a2200217Ia 4500
003 GCL
008 140319s9999 xx 000 0 ara d
020 _a7040308977
040 _aGCL /
_cGCL
082 0 4 _a810.8
_bم ا
100 1 _aمصطفى محمود
245 1 0 _aالاسلام السياسى والمعركة القادمة /
_cمصطفى محمود
260 _aالقاهرة :
_bدار اخبار اليوم ،
_c1992
300 _a160 ص ؛
_c18 سم
490 _a
650 0 4 _aمصر
650 0 4 _aالعالم العربى
650 0 4 _aالاحوال السياسية
650 0 4 _aالاسلام السياسى
942 _2ddc
_cBK
999 _c55329
_d55329